000
00294nam a22001337a 4500
008
181029b xxu||||| |||| 00| 0 eng d
020
_a
9781408244500
041
_a
eng
080
_a
316
100
_a
50
101
_a
SOC
245
_a
Introduction to Gender
_c
Marchbank, J
942
_2
udc
_c
BK
999
_c
51056
_d
51056